000 00751nam a2200181 4500
001 121132
003 ES-MaACL
005 20230906191709.0
007 t|
008 070214s1970 sp r ||||1| spa d
111 2 _aJornadas Nacionales de Pastoral Litúrgica (
_cMadrid (
_d1970) (
_n. 4º)
_9844
245 1 0 _aPresidir la asamblea, al servicio de una celebración viva
_b: [Jornadas Nacionales de Pastoral Litúrgica] /
_cP. Tena... [et al.] ; [organizadas por el] Secretariado Nacional de Liturgia.
260 _aMadrid :
_bPropaganda Popular Católica,
_c1970.
300 _a267 p. ;
_c22 cm.
700 1 _aTena, Pere (
_d1928-2014)
_9109685
710 2 _aSecretariado Nacional de Liturgia (España)
_96534
852 _aES-MaACL
_jC-44657
_bR.74555
999 _c121132
_d121132